| 000 -LEADER |
| fixed length control field |
00521nam a2200193Ia 4500 |
| 001 - CONTROL NUMBER |
| control field |
22456 |
| 003 - CONTROL NUMBER IDENTIFIER |
| control field |
GE_BSU |
| 008 - FIXED-LENGTH DATA ELEMENTS--GENERAL INFORMATION |
| fixed length control field |
181216s||||||||xx |||||||||||||| ||und|| |
| 040 ## - CATALOGING SOURCE |
| Transcribing agency |
GE_BSU |
| 245 ## - TITLE STATEMENT |
| Title |
PS Political Science and Politics. #1 Vol. 51. |
| 245 ## - TITLE STATEMENT |
| Statement of responsibility, etc. |
Editor Ph. Ardion., P. Gronke |
| 260 ## - PUBLICATION, DISTRIBUTION, ETC. |
| Place of publication, distribution, etc. |
Washington |
| 260 ## - PUBLICATION, DISTRIBUTION, ETC. |
| Date of publication, distribution, etc. |
2018 |
| 300 ## - PHYSICAL DESCRIPTION |
| Extent |
274 p. 30 cm. ill. |
| 653 ## - INDEX TERM--UNCONTROLLED |
| Uncontrolled term |
PS Political Science and Politics. #1 Vol. 51. |
| 653 ## - INDEX TERM--UNCONTROLLED |
| Uncontrolled term |
Периодика |
| 653 ## - INDEX TERM--UNCONTROLLED |
| Uncontrolled term |
პერიოდიკა |
| 942 ## - ADDED ENTRY ELEMENTS (KOHA) |
| Koha item type |
პერიოდიკა |